| 000 | 00958nam a2200169 a 4500 | ||
|---|---|---|---|
| 008 | 120416s1964 ||||||||||||||||| || u | ||
| 050 | _aTA 332 Hug | ||
| 100 | _aHughes, William F | ||
| 245 | 1 | 0 | _aBasic equations of engineering science |
| 260 |
_aNew York _bMcGrraw-Hill _c1964 |
||
| 300 | _a(8) 163p. | ||
| 350 | _a0.00 | ||
| 995 |
_aANNEX COLLECTION (Main Library) _D0.00 _e717904 _FCBU-MAIN LIBRARY (Kitwe) _H3 _I1.40 _jTA 332 Hug _M4 _UAVAILABLE _y012611 _ZAnnex Low-Usage Collection |
||
| 995 |
_aMAIN LIBRARY OPEN ACCESS _D0.00 _e717906 _FCBU-MAIN LIBRARY (Kitwe) _H2 _I1.40 _jTA 332 Hug _M3 _UAVAILABLE _y012610 _ZMain Library Open Access Collection |
||
| 995 |
_aANNEX COLLECTION (Main Library) _D0.00 _e717907 _FCBU-MAIN LIBRARY (Kitwe) _H4 _I1.40 _jTA 332 Hug _M2 _UAVAILABLE _y012609 _ZAnnex Low-Usage Collection |
||
| 995 |
_aMAIN LIBRARY OPEN ACCESS _D0.00 _e717905 _FCBU-MAIN LIBRARY (Kitwe) _H1 _I1.40 _jTA 332 Hug _M1 _UAVAILABLE _y012608 _ZMain Library Open Access Collection |
||
| 999 |
_c84551 _d84551 |
||